| 000 | 00534nam a22001817a 4500 | ||
|---|---|---|---|
| 020 | _a333144430 | ||
| 082 |
_a620.112 _bRYD _cL-26, P-54 |
||
| 100 |
_aRyder, G.H _940742 |
||
| 245 |
_aStrength of Materials _cRyder, G.H |
||
| 250 | _a3rd SI | ||
| 260 |
_aLondon _bEnglish Lanaguage Book Society _c1969 |
||
| 300 |
_axii, 340 p. : _bill, ; _c20 cm. |
||
| 526 |
_a0 _b0 _c0 _d620_112000000000000_RYD |
||
| 526 |
_a0 _b0 _c0 _d620_112000000000000_RYD |
||
| 526 |
_a0 _b0 _c0 _d620_112000000000000_RYD |
||
| 650 |
_aMCE _9379 |
||
| 942 |
_2ddc _cBK |
||
| 999 |
_c545043 _d545043 |
||